Regression models for categorial and limited dependent variables

Αποθηκεύτηκε σε:
Λεπτομέρειες βιβλιογραφικής εγγραφής
Κύριος συγγραφέας: Long, J. Scott
Μορφή: Βιβλίο
Γλώσσα:English
Δημοσίευση: Thousand Oaks : Sage, 1997
Σειρά:Advanced quantitative techniques in the social sciences
Θέματα:
Ετικέτες: Προσθήκη ετικέτας
Δεν υπάρχουν, Καταχωρήστε ετικέτα πρώτοι!

MARC

LEADER 00000nam a2200000 i 4500
001 1/105815
008 000329s1997 eng d
020 |a 0-8039-7374-8 
035 |l 10059396 
040 |a GR-MY-UA  |b gre  |e aacr 
041 0 |a eng 
082 0 |a 519.536 
100 1 |a Long, J. Scott. 
245 1 0 |a Regression models for categorial and limited dependent variables /  |c J. Scott Long 
260 |a Thousand Oaks :   |b Sage,   |c 1997 
300 |a 297 p. 
490 1 |a Advanced quantitative techniques in the social sciences  |v ; 7 
504 |a Includes bibliographical references and index 
650 0 0 |a Regression analysis. 
830 0 |a Advanced quantitative techniques in the social sciences 
852 |a INST  |b LESVOS  |e 20000329  |h 519.536 LON  |p 005100021689  |q 005100021689  |t BK  |y 0 
852 |a INST  |b LESVOS  |e 20020201  |h 519.536 LON  |p 005100028440  |q 005100028440  |t BK  |y 0 
852 |a INST  |b LESVOS  |e 20020201  |h 519.536 LON  |p 005100028441  |q 005100028441  |t BK  |y 0 
852 |a INST  |b LESVOS  |e 20020201  |h 519.536 LON  |p 005100028442  |q 005100028442  |t BK  |y 0 
852 |a INST  |b LESVOS  |e 20020201  |h 519.536 LON  |p 005100028443  |q 005100028443  |t BK  |y 0 
852 |a INST  |b LESVOS  |e 20020201  |h 519.536 LON  |p 005100028444  |q 005100028444  |t BK  |y 0 
852 |a INST  |b LESVOS  |e 20020201  |h 519.536 LON  |p 005100028445  |q 005100028445  |t BK  |y 0 
852 |a INST  |b LESVOS  |e 20020201  |h 519.536 LON  |p 005100028446  |q 005100028446  |t BK  |y 0 
852 |a INST  |b LESVOS  |e 20020201  |h 519.536 LON  |p 005100028447  |q 005100028447  |t BK  |y 0 
852 |a INST  |b LESVOS  |e 20020201  |h 519.536 LON  |p 005100028448  |q 005100028448  |t BK  |y 0 
852 |a INST  |b LESVOS  |e 20020201  |h 519.536 LON  |p 005100028449  |q 005100028449  |t BK  |y 0 
852 |a INST  |b LESVOS  |e 20020201  |h 519.536 LON  |p 005100028450  |q 005100028450  |t BK  |y 0 
852 |a INST  |b LESVOS  |e 20020201  |h 519.536 LON  |p 005100028451  |q 005100028451  |t BK  |y 0 
901 |a BIBL1-2000-1 
909 |a Λ  |b 076702 
909 |a Λ  |b 099588 
909 |a Λ  |b 099589 
909 |a Λ  |b 099590 
909 |a Λ  |b 099591 
909 |a Λ  |b 099592 
909 |a Λ  |b 099593 
909 |a Λ  |b 099594 
909 |a Λ  |b 099595 
909 |a Λ  |b 099596 
909 |a Λ  |b 099597 
909 |a Λ  |b 099598 
909 |a Λ  |b 099599 
920 |a ΤΜΗΜΑ ΚΟΙΝΩΝΙΟΛΟΓΙΑΣ  |y ΛΕΣΒΟΣ  |z 2002-01 
922 |a 1ΕΛΗ  |b 200003  |c ΚΠΣ/ΠΜΣ  |d ΠΑΠΑΣΩΤΗΡΙΟΥ 
950 |a 157-1999-08-24 
970 |a ΚΑΜΑΤΣΟΥ  |b ΔΕΣΠΟΙΝΑ  |z 2000/03/29